|
|
|
|
| LEADER |
00000naa0a2200000 4500 |
| 001 |
663719 |
| 005 |
20250814092439.0 |
| 035 |
|
|
|a (RuTPU)RU\TPU\network\34889
|
| 035 |
|
|
|a RU\TPU\network\3791
|
| 090 |
|
|
|a 663719
|
| 100 |
|
|
|a 20210301d2020 k y0rusy50 ca
|
| 101 |
0 |
|
|a rus
|
| 102 |
|
|
|a RU
|
| 135 |
|
|
|a drcn ---uucaa
|
| 181 |
|
0 |
|a i
|
| 182 |
|
0 |
|a b
|
| 200 |
1 |
|
|a Модификация циркониевой керамики под действием ионной обработки
|f С. А. Гынгазов, В. А. Костенко
|
| 203 |
|
|
|a Текст
|c электронный
|
| 300 |
|
|
|a Заглавие с экрана
|
| 463 |
|
|
|t Радиационная физика твердого тела
|o труды XXX Международной конференции, Севастополь, 24-29 Августа 2020
|v [С. 448-456]
|d 2020
|
| 610 |
1 |
|
|a электронный ресурс
|
| 610 |
1 |
|
|a труды учёных ТПУ
|
| 700 |
|
1 |
|a Гынгазов
|b С. А.
|c специалист в области электроники
|c профессор Томского политехнического университета, доктор технических наук
|f 1958-
|g Сергей Анатольевич
|3 (RuTPU)RU\TPU\pers\26531
|9 12225
|
| 701 |
|
1 |
|a Костенко
|b В. А.
|c специалист в области электротехники
|c младший научный сотрудник Томского политехнического университета
|f 1994-
|g Валерия Александровна
|3 (RuTPU)RU\TPU\pers\42078
|9 21472
|
| 712 |
0 |
2 |
|a Национальный исследовательский Томский политехнический университет
|b Институт неразрушающего контроля
|b Проблемная научно-исследовательская лаборатория электроники, диэлектриков и полупроводников
|3 (RuTPU)RU\TPU\col\19033
|
| 801 |
|
1 |
|a RU
|b 63413507
|c 20141010
|
| 801 |
|
2 |
|a RU
|b 63413507
|c 20210301
|g RCR
|
| 856 |
4 |
|
|u https://www.elibrary.ru/item.asp?id=44229605
|
| 942 |
|
|
|c CF
|